000 00545nam a2200157 i 4500
001 65501
003 ES-MaACL
007 t|
008 040114s1943 sp ||||1| spa d
100 1 _aFreyre, Gilberto.
_952568
245 1 0 _aNordeste
_b: aspectos de la influencia de la caña sobre la vida /
_cGilberto Freyre ; traducido del portugués por Cayetano Romano.
260 _aMadrid :
_bEspasa-Calpe,
_c1943 (
_fSebastián de Amorrortu)
300 _a237 p. ;
_c22 cm.
700 1 _aRomano, Cayetano.
_999248
852 _aES-MaACL
_jB-1850
_bR.27034
999 _c65501
_d65501